00619nam a2200169 a 450000500170000000800410001702000180005805000250007610000220010124500760012326000350019930000070023444000350024152001050027665000370038165000310041820140412111416.0070813s19uu xx 00 eng d a0-590-27591-7 aM 582.0166bJ76 1992 aJordan, Helene J. aHow a seed grows /cHelene J. Jordan; illustrated by Loretta Krupinski. aNew York :bScholastic,c1992. a31 aA let's read and find out book aUses observations of bean seeds planted in eggshells to demonstrate the growth of seeds into plants. aGerminationxJuvenile literature aSeedsxJuvenile Literature